ბათუმის შოთა რუსთაველის სახელმწიფო უნივერსიტეტის ბიბლიოთეკა

ექსპორტ - იმპორტი : (ბიბ.ჩანაწერი № 54787)

000 -ლიდერი
ფიქსირებული სიგრძის საკონტროლო ველი 01788nam a2200277Ia 4500
001 - საკონტროლო ნომერი
საკონტროლო ველი 21855
003 - საკონტროლო ნომრის იდენტიფიკატორი
საკონტროლო ველი GE_BSU
005 - ბოლო ოპერაციის თარიღი და დრო
საკონტროლო ველი 20220610151244.0
008 - ფიქსირებული სიგრძის მონაცემთა ელემენტები - ზოგადი ინფორმაცია
ფიქსირებული სიგრძის საკონტროლო ველი 181216s ||||ge |||||||||||||| ||geo||
040 ## - კატალოგიზაციის წყარო
Transcribing agency GE_BSU
041 ## - ენის კოდი
Language code of text/sound track or separate title geo
080 ## - უნივერსალური ათობითი კლასიფიკაციის ინდექსი
Universal Decimal Classification number 339.9+336.2 ე-92
245 ## - ცნობა სათაურის შესახებ
Title ექსპორტ - იმპორტი :
Remainder of title გზამკვლევი /
Statement of responsibility, etc ტექსზე მუშაობდნენ : ლაშა კომახიძე, გიორგი ღაღანიძე, ელენე კორკოტაშვილი, ზვიად ელიზიანი.
264 ## - წარმოების, გამოცემის, დისტრიბუციის და სხვა ცნობები
გამოცემის, წარმოების, დისტრიბუციის... ადგილი ბათუმი :
გამოცემის, წარმოების, დისტრიბუციის... სახელწოდება [?],
გამოცემის, წარმოების, დისტრიბუციის... თარიღი 2011-2012.
300 ## - ფიზიკური აღწერა
Extent 84 გვ. ;
Dimensions 22 სმ.
500 ## - ზოგადი შენიშვნა
General note მომზადებულია გაეროს განვითარების პროგრამის, ფინეთის მთავრობის და აჭარის ავტონომიური რესპუბლიკის ფინანსთა და ეკონომიკის სამინისტროს ინიციატივითა და ფინანსური მხარდაჭერით
653 ## - INDEX TERM--UNCONTROLLED
Uncontrolled term ეკონომიკა
653 ## - INDEX TERM--UNCONTROLLED
Uncontrolled term ექსპორტ-იმპორტი
653 ## - INDEX TERM--UNCONTROLLED
Uncontrolled term გზამკვლევი
653 ## - INDEX TERM--UNCONTROLLED
Uncontrolled term ექსპორტ-იმპორტის პროცედურები
653 ## - INDEX TERM--UNCONTROLLED
Uncontrolled term სავაჭრო პოლიტიკა - რეჟიმები და ფორმები
653 ## - INDEX TERM--UNCONTROLLED
Uncontrolled term ორგანიზაციული და ბიზნეს საკითხები
710 ## - ADDED ENTRY--CORPORATE NAME
Corporate name or jurisdiction name as entry element ვაჭრობის ხელშეწყობის ცენტრი
9 (RLIN) 14048
942 ## - ADDED ENTRY ELEMENTS (KOHA)
Koha item type წიგნი
Source of classification or shelving scheme
ეგზემპლარები
ჩამოწერის სტატუსი დაკარგული ეგზემპლარის სტატუსი კლასიფიკაციის წყარო ან თაროზე გაწყობის სქემა დაზიანების სტატუსი არ გაიცემა მუდმივი მდებარეობა (დაცვის ადგილი) ამჟამინდელი ადგილსამყოფელი თაროზე განთავსების ადგილი შეძენის თარიღი ღირებულება, შესყიდვის ნორმალური ფასი სრული შენახვის შიფრი შტრიხკოდი ბოლო ოპერაციის თარიღი ეგზემპლარის მიმდევრობითი ნომერი (კეტერი?) ფასის ძალაში შესვლის თარიღი ეგზემპლარის სახეობა საჯარო შენიშვნა
          ბათუმის შოთა რუსთაველის სახელმწიფო უნივერსიტეტის მთავარი ბიბლიოთეკა ბათუმის შოთა რუსთაველის სახელმწიფო უნივერსიტეტის მთავარი ბიბლიოთეკა წიგნსაცავი 2018-12-17 3.00 339.9+336.2 ე-92 56441 2018-12-17 56441 2018-12-17 წიგნი 3.00 ₾.
          ბათუმის შოთა რუსთაველის სახელმწიფო უნივერსიტეტის მთავარი ბიბლიოთეკა ბათუმის შოთა რუსთაველის სახელმწიფო უნივერსიტეტის მთავარი ბიბლიოთეკა წიგნსაცავი 2018-12-17 3.00 339.9+336.2 ე-92 56444 2018-12-17 56444 2018-12-17 წიგნი 3.00 ₾.
          ბათუმის შოთა რუსთაველის სახელმწიფო უნივერსიტეტის მთავარი ბიბლიოთეკა ბათუმის შოთა რუსთაველის სახელმწიფო უნივერსიტეტის მთავარი ბიბლიოთეკა წიგნსაცავი 2018-12-17 3.00 339.9+336.2 ე-92 56442 2018-12-17 56442 2018-12-17 წიგნი 3.00 ₾.
          ბათუმის შოთა რუსთაველის სახელმწიფო უნივერსიტეტის მთავარი ბიბლიოთეკა ბათუმის შოთა რუსთაველის სახელმწიფო უნივერსიტეტის მთავარი ბიბლიოთეკა წიგნსაცავი 2018-12-17 3.00 339.9+336.2 ე-92 56443 2018-12-17 56443 2018-12-17 წიგნი 3.00 ₾.
          ბათუმის შოთა რუსთაველის სახელმწიფო უნივერსიტეტის მთავარი ბიბლიოთეკა ბათუმის შოთა რუსთაველის სახელმწიფო უნივერსიტეტის მთავარი ბიბლიოთეკა წიგნსაცავი 2018-12-17 3.00 339.9+336.2 ე-92 56445 2018-12-17 56445 2018-12-17 წიგნი 3.00 ₾.
          ბათუმის შოთა რუსთაველის სახელმწიფო უნივერსიტეტის მთავარი ბიბლიოთეკა ბათუმის შოთა რუსთაველის სახელმწიფო უნივერსიტეტის მთავარი ბიბლიოთეკა წიგნსაცავი 2018-12-17 3.00 339.9+336.2 ე-92 56446 2018-12-17 56446 2018-12-17 წიგნი 3.00 ₾.